[Event "Regionalliga NO9899"]
[Site "Bayern"]
[Date "1998.??.??"]
[Round "?"]
[White "Zwanzger, Johannes"]
[Black "Zollstab, Juergen"]
[Result "1/2-1/2"]
[WhiteElo "2150"]
[BlackElo "2055"]

1.e4 g6 2.d4 Bg7 3.Nc3 c6 4.Be3 d5 5.e5 h5 6.g3 Nh6 7.Bg2 Na6 8.Qd2 Bf5 9.a3 Nc7
10.Nf3 Nb5 11.Nxb5 cxb5 12.Nh4 Rc8 13.Nxf5 Nxf5 14.Bh3 e6 15.c3 Bh6 16.Bxf5 Bxe3
17.Qxe3 gxf5 18.h4 a6 19.Kd2 Qc7 20.Qg5 Qe7 21.Qxe7+ Kxe7 22.a4 bxa4 23.Rxa4 Kd7
24.Rc1 Rc4 25.Rca1 Rxa4 26.Rxa4 Rg8 27.Ke3 Rg4 28.Ra1 Re4+ 29.Kd3 f4 30.b3 fxg3
31.fxg3 Rg4 32.Rg1 b5 33.b4 Ke7 34.Ke3 f6  1/2-1/2

[Event "Regionalliga SO9798"]
[Site "Bayern"]
[Date "1998.??.??"]
[Round "?"]
[White "Loder, Willi"]
[Black "Kohout, Peter"]
[Result "0-1"]
[WhiteElo "2130"]
[BlackElo "2250"]

1.e4 c6 2.d4 g6 3.Nc3 Bg7 4.Nf3 d6 5.Bc4 Nf6 6.e5 dxe5 7.Nxe5 O-O 8.O-O Nbd7
9.Bg5 Nb6 10.Bb3 Nbd5 11.Qf3 Be6 12.Rad1 Nxc3 13.bxc3 Bd5 14.Qh3 Ne4 15.Bc1 a5
16.Rfe1 Nf6 17.Bh6 a4 18.Bxd5 cxd5 19.Rb1 Ra7 20.Re3 Qc8 21.Qh4 Qf5 22.Bxg7 Qxc2
23.Rbe1 Kxg7 24.Ng4 Nxg4 25.Qxg4 b5 26.a3 Rc7 27.Qg5 Rxc3 28.Rxe7 Qf5 29.Qxf5 gxf5
30.Rb7 Re8 31.Kf1 Rxe1+ 32.Kxe1 Rb3 33.Rb6 f4 34.Ke2 f6 35.h3 Kg6 36.Rb7 Kf5
37.f3 h5 38.Rb6 Kg5 39.Rd6 Kh4 40.Rxd5 Kg3 41.Rxh5 Kxg2 42.Rf5 Rb2+ 43.Kd3 Kxf3
44.d5 Rb3+ 45.Kd4 Rxa3 46.d6 Ra1 47.Rxb5 Rd1+ 48.Kc5 Kg3 49.Kc6 f3 50.d7 f2
51.Rf5 a3  0-1

[Event "Regionalliga SW9899"]
[Site "Bayern"]
[Date "1998.??.??"]
[Round "?"]
[White "Marschner, Guenter"]
[Black "Stadler, Wolfgang"]
[Result "0-1"]
[WhiteElo "1920"]
[BlackElo "1850"]

1.e4 g6 2.d4 Bg7 3.Nc3 c6 4.Nf3 d5 5.e5 Nh6 6.Bf4 Bg4 7.Be2 Nf5 8.O-O Bxf3
9.Bxf3 Qb6 10.Ne2 Qxb2 11.Rb1 Qa3 12.Rxb7 Qxa2 13.Qd3 Nd7 14.Rfb1 Nb6 15.Nc3 Qa5
16.Bd2 Nc4 17.Be1 Qa6 18.Bg4 e6 19.Be2 O-O 20.g4 Nh6 21.Qh3 f5 22.exf6 Rxf6
23.g5 Rf5 24.gxh6 Bxd4 25.Nd1 Raf8 26.Rb8 Be5 27.Rxf8+ Kxf8 28.Qb3 c5 29.Ne3 Rg5+
30.Ng2 Qd6 31.Qh3 Nb6 32.Rb3 d4 33.Bd2 Rf5 34.Rf3 Nd5 35.Rxf5+ exf5 36.Bc4 Nf6
37.Be2 Ne4  0-1

[Event "Oberliga Bayern9798"]
[Site "Bayern"]
[Date "1998.??.??"]
[Round "?"]
[White "Wendt, Rene"]
[Black "Ferlan, Istok"]
[Result "1/2-1/2"]
[WhiteElo "2290"]
[BlackElo "2290"]

1.e4 g6 2.d4 Bg7 3.Nc3 c6 4.Nf3 d6 5.a4 a5 6.Be2 Nf6 7.O-O O-O 8.h3 Qc7 9.Be3 e5
10.Qd2 exd4 11.Nxd4 Re8 12.Bf3 Nbd7 13.Rfe1 Nc5 14.Bf4 Nfd7 15.Rad1 Ne5 16.Be2 Qb6
17.Be3 Qb4 18.b3 Ned7 19.f3 Be5 20.Nb1 Qb6  1/2-1/2

[Event "Landesliga Sued9798"]
[Site "Bayern"]
[Date "1998.??.??"]
[Round "?"]
[White "Ploehn, Heiko"]
[Black "Wehr, Stephan"]
[Result "1/2-1/2"]
[WhiteElo "2160"]
[BlackElo "2180"]

1.d4 g6 2.e4 Bg7 3.Nc3 c6 4.Be3 d5 5.f3 Nf6 6.Qd2 dxe4 7.Nxe4 Nbd7 8.Bh6 Bxh6
9.Qxh6 Qa5+ 10.c3 Qh5 11.Qe3 Nxe4 12.fxe4 Nf6 13.Bd3 Bg4 14.Nf3 Bxf3 15.gxf3 Qh4+
16.Kd2 Nh5 17.Rad1 O-O 18.Kc2 e6 19.Rdg1 Qf4 20.Qe2 Qc7 21.Rg4 c5 22.d5 exd5
23.exd5 a6 24.Qd2 b5 25.Qh6 Qe5 26.Rg5 Qg7 27.Rxh5 c4 28.Be4 f5 29.Qxg7+ Kxg7
30.Rg5 fxe4 31.fxe4 Rf2+ 32.Kc1 Kf6 33.h4 Rf8 34.Rd1 Ke7 35.Re5+ Kd7 36.d6 R8f7
37.Rc5 Ke6 38.Rc8 Re2 39.Rc7 Rd7 40.Rxd7 Kxd7 41.Rd4 Rh2 42.e5 Re2 43.Rd5 h6
44.Rc5 g5 45.hxg5 hxg5 46.a4 bxa4 47.Rc7+ Kd8 48.Rxc4 a3 49.bxa3 Rxe5 50.Rd4 Kd7
51.c4 g4 52.Rxg4 Kxd6 53.Rg6+  1/2-1/2

[Event "Regionalliga SO9798"]
[Site "Bayern"]
[Date "1998.??.??"]
[Round "?"]
[White "Zauner, Josef"]
[Black "Huber, Edwin"]
[Result "0-1"]
[WhiteElo "2140"]
[BlackElo "2100"]

1.e4 g6 2.d4 Bg7 3.Nc3 c6 4.Nf3 d5 5.h3 Nf6 6.e5 Ne4 7.Nxe4 dxe4 8.Ng5 f6
9.exf6 exf6 10.Nxe4 Qe7 11.Qe2 O-O 12.Nc5 Qd6 13.Be3 f5 14.g3 b6 15.Nb3 a5
16.Qd2 Qd5 17.Rg1 Qf7 18.Nc1 Ra7 19.Nd3 Rd8 20.c3 c5 21.dxc5 bxc5 22.Bxc5 Rad7
23.Qc2 Ba6 24.Nf4 g5 25.Ne2 Bd3 26.Qb3 Bc4 27.Qc2 Bxa2 28.Bd4 Bb3 29.Qd2 Nc6
30.Qxg5 Nxd4 31.Nxd4 Re8+ 32.Be2 Bc4 33.Kf1 h6 34.Qf4 Bxd4 35.cxd4 Bxe2+
36.Kg2 Qd5+ 37.Kh2 Qxd4 38.Qxf5 Rf8 39.Qe6+ Rdf7 40.Rg2 Bf3 41.Qg6+ Rg7 42.Qe6+ Kh7
43.Rxa5 Bxg2 44.Ra6 Bc6  0-1

[Event "Regionalliga SW9899"]
[Site "Bayern"]
[Date "1998.??.??"]
[Round "?"]
[White "Kugelmann, Werner"]
[Black "Hoennekes, Klaus"]
[Result "1-0"]
[WhiteElo "2140"]
[BlackElo "2065"]

1.e4 g6 2.d4 Bg7 3.Nc3 c6 4.Nf3 d5 5.h3 Nf6 6.Bd3 dxe4 7.Nxe4 Nxe4 8.Bxe4 Nd7
9.c3 O-O 10.O-O Qc7 11.Re1 e5 12.Bg5 exd4 13.Nxd4 Nc5 14.Bh4 Ne6 15.Nb3 Re8
16.Qf3 Qb6 17.Bc2 c5 18.Qd5 Bf8 19.Rad1 a5 20.a4 Ra6 21.Qc4 Ng7 22.Rxe8 Nxe8
23.Rd8 Qc6 24.Qb5 Ng7 25.Qxc6 Rxc6 26.Nxa5 Ne6 27.Nxc6 Nxd8 28.Nxd8 c4 29.Be4 Bh6
30.Be7 Bc1 31.Ba3 b6 32.Bd5 Ba6 33.Nxf7 Kg7 34.Nd6  1-0

[Event "Regionalliga NW9798"]
[Site "Bayern"]
[Date "1998.??.??"]
[Round "?"]
[White "Poppe, Bjoern"]
[Black "Leyh, Martin"]
[Result "0-1"]
[WhiteElo "1825"]
[BlackElo "1820"]

1.e4 g6 2.d4 Bg7 3.Nc3 c6 4.Bc4 d5 5.exd5 b5 6.Bb3 b4 7.Qf3 bxc3 8.bxc3 Nf6
9.dxc6 O-O 10.Bf4 Na6 11.c7 Nxc7 12.Qc6 Ne6 13.Qxa8 Nxf4 14.Qf3 Qc7 15.c4 Bb7
16.d5 Qe5+  0-1

[Event "Regionalliga NW9798"]
[Site "Bayern"]
[Date "1998.??.??"]
[Round "?"]
[White "Scheidt, Karl Heinz"]
[Black "Assmann, Norbert"]
[Result "1-0"]
[WhiteElo "1965"]
[BlackElo "2040"]

1.e4 g6 2.d4 Bg7 3.Nc3 c6 4.h3 d5 5.Nf3 e6 6.Bd3 dxe4 7.Nxe4 Nf6 8.O-O Nxe4
9.Bxe4 O-O 10.c3 Qc7 11.Re1 b6 12.Ne5 Bb7 13.Bf4 Qc8 14.Qf3 Bxe5 15.dxe5 f5
16.Bc2 c5 17.Qg3 Nc6 18.Bg5 Rf7 19.Qh4 Qc7 20.Bf6 Ne7 21.Rad1 c4 22.Rd4 Bd5
23.Qh6 Qc8 24.Qg5 Qf8 25.Rh4 Qe8 26.Re3 Kf8 27.Qh6+ Kg8 28.Rg3 Qf8 29.Qg5 Rc8
30.Rh6 Rc7 31.h4  1-0

[Event "Regionalliga SO9798"]
[Site "Bayern"]
[Date "1998.??.??"]
[Round "?"]
[White "Benischek, Wolfgang"]
[Black "Huber, Edwin"]
[Result "1-0"]
[WhiteElo "2030"]
[BlackElo "2100"]

1.e4 g6 2.d4 Bg7 3.Nc3 c6 4.Bc4 d5 5.exd5 b5 6.Bb3 b4 7.Ne4 cxd5 8.Qf3 e6
9.Ba4+ Bd7 10.Nd6+ Ke7 11.Qxf7+ Kxd6 12.Bf4+ e5 13.Qxg7 Bxa4 14.Qxe5+ Kc6
15.Qxh8 Nd7 16.Qxh7 Qf6 17.Be3 Re8 18.Qh3 Ne7 19.O-O-O Kb7 20.Nf3 Rc8 21.b3 Qc6
22.Rd2 Nb6 23.Kb1 Qc3 24.Ne1 Bd7 25.Qh7 Bf5 26.Qxe7+ Rc7 27.Qe8 a5 28.Qb5 a4
29.Nd3 Bxd3 30.Qxd3 Qc6 31.Bf4 Rc8 32.Re1 Nd7 33.Rde2 Ra8 34.Re6  1-0

[Event "Regionalliga SW9798"]
[Site "Bayern"]
[Date "1998.??.??"]
[Round "?"]
[White "Trescher, Manfred"]
[Black "Mueller, Heinz"]
[Result "0-1"]
[WhiteElo "2190"]
[BlackElo "2200"]

1.d4 g6 2.e4 Bg7 3.Nc3 c6 4.Be3 d6 5.Qd2 Nf6 6.f3 Nbd7 7.g4 e5 8.dxe5 dxe5
9.O-O-O Qe7 10.h4 h5 11.g5 Nh7 12.Bh3 Nhf8 13.Nge2 Ne6 14.Bxe6 fxe6 15.Kb1 O-O
16.Rhf1 Kh7 17.Nc1 Rf7 18.N3e2 Qf8 19.Ng1 Nb6 20.b3 Qa3 21.Nd3 Nd7 22.c4 a5
23.Qb2 Qf8 24.Bd2 b5 25.cxb5 cxb5 26.Rc1 Bb7 27.Rfd1 Rxf3 28.Nxf3 Qxf3 29.Ne1 Qxe4+
30.Ka1 a4 31.b4 Nb6 32.Rc7 Nc4 33.Qc1 Bd5 34.Bc3 Rf8 35.Nd3 Rf3 36.Nc5 Qxh4
37.Nd7 Kg8 38.Rf1 Rxf1 39.Qxf1 Qxg5 40.Nb6 Qf5 41.Qxf5 gxf5 42.Nxc4 Bxc4
43.Rxc4 bxc4 44.b5 Bf8 45.Ba5 Bc5 46.Kb2 Kf7 47.Kc3 Ke7 48.Kxc4 Bd6 49.Be1 Kd7
50.Bf2 Bc7 51.Kd3 h4 52.Ke2 h3 53.Kf3 Bd6 54.Bb6 e4+ 55.Kf2 Bh2 56.Bc5 e5
57.Bb6 f4 58.Ba7 Bg3+  0-1

[Event "Regionalliga NW9899"]
[Site "Bayern"]
[Date "1998.??.??"]
[Round "?"]
[White "Strobel, Walter"]
[Black "Breithut, Kurt Georg"]
[Result "1-0"]
[WhiteElo "2190"]
[BlackElo "2095"]

1.e4 g6 2.d4 Bg7 3.Nc3 c6 4.f4 d5 5.e5 h5 6.Be3 Nh6 7.Nf3 Bg4 8.Be2 e6 9.Qd2 Nf5
10.Bf2 Nd7 11.g3 Bf8 12.Nd1 Be7 13.h3 Bxf3 14.Bxf3 h4 15.g4 Ng3 16.Bxg3 hxg3
17.Kf1 Qb6 18.Kg2 c5 19.c3 cxd4 20.cxd4 Rc8 21.Ne3 Nb8 22.Rhd1 Nc6 23.f5 gxf5
24.gxf5 Qb4 25.f6 Qxd2+ 26.Rxd2 Bf8 27.Ng4 Bb4 28.Rc2 Kd7 29.Rd1 Bf8 30.Rc3 Bb4
31.Rb3 Rc7 32.Be2 a6 33.Kxg3 Bf8 34.Rc3 Nb4 35.Rxc7+ Kxc7 36.a3 Nc6 37.Bf1 b5
38.a4 Kb6 39.axb5 axb5 40.Be2 Na5 41.h4 Nc4 42.b3 Na5 43.Rd3 Bb4 44.Nf2 Be1
45.h5 b4 46.Kg2 Bc3 47.Nd1 Nxb3 48.Nxc3 bxc3 49.Bd1 Na5 50.Rxc3 Nc6 51.Rd3 Kb5
52.Kf2 Kc4 53.Ke3 Rg8 54.Bf3 Nb4 55.Rd2 Kc3 56.Rg2 Rh8 57.Bd1 Ra8 58.h6 Rh8
59.Rh2 Rh7 60.Ba4 Kc4 61.Be8 Kc3 62.Bxf7 Nc2+ 63.Rxc2+ Kxc2 64.Bg6+  1-0

[Event "Regionalliga NW9798"]
[Site "Bayern"]
[Date "1998.??.??"]
[Round "?"]
[White "Fischer, Emil"]
[Black "Scheidt, Karl Heinz"]
[Result "1/2-1/2"]
[WhiteElo "2155"]
[BlackElo "1970"]

1.e4 g6 2.d4 Bg7 3.Nc3 c6 4.g3 d5 5.exd5 cxd5 6.Bg2 Nf6 7.Nge2 Bg4 8.f3 Bc8
9.Bg5 h6 10.Be3 O-O 11.Qd2 Kh7 12.h4 h5 13.O-O-O Rh8 14.Nf4 Kg8 15.Kb1 Nc6
16.Nd3 Ne8 17.Qf2 Nd6 18.Ne5 Nf5 19.f4 Nxe3 20.Qxe3 Nxe5 21.dxe5 e6 22.Ne2 b5
23.Nd4 Qb6 24.Bf3 Bd7 25.g4 hxg4 26.Bxg4 Kf8 27.h5 gxh5 28.Rxh5 Rc8 29.Rxh8+ Bxh8
30.Be2 Ke7 31.Qh3 Rg8 32.Qh7 Kf8 33.Bh5 Be8 34.Qd3 Qc5 35.Qh3 Bd7 36.Be2 a5
37.Qh4 Ke8 38.Qh7 Kf8 39.Qh4 Qb6 40.Qh2 a4 41.Bf3 b4 42.Bh5 a3 43.Nf3 Qe3
44.Re1 Qc5 45.Ng5 Qd4 46.c3 bxc3 47.b3 Bb5 48.Bxf7 Qd2 49.Qh6+ Rg7 50.Nh7+ Kxf7
51.Qf6+ Ke8 52.Qf8+ Kd7 53.Nf6+ Kc7 54.Qc5+ Bc6 55.Qa7+ Bb7 56.Qc5+ Kb8 57.Qd6+ Rc7
58.Nd7+ Kc8 59.Nb6+  1/2-1/2

[Event "JUG-ch51 (Women)"]
[Site "Belgrade"]
[Date "1998.??.??"]
[Round "10"]
[White "Manakova, Maria"]
[Black "Petrovic, Marija"]
[Result "1-0"]
[WhiteElo "2315"]
[BlackElo "2265"]

1.e4 g6 2.d4 Bg7 3.Nc3 c6 4.Be3 d6 5.Qd2 Qa5 6.O-O-O b5 7.e5 b4 8.Nb1 dxe5
9.dxe5 Nd7 10.Nf3 Nxe5 11.Nxe5 Bxe5 12.Bb5 Rb8 13.Bxc6+ Kf8 14.Qd8+ Qxd8
15.Rxd8+ Kg7 16.Bxa7 Bc7 17.Re8 Bb7 18.Bxb8 Bxc6 19.Rxg8+ Rxg8 20.Bxc7 Rc8
21.Bg3 Be4 22.c3 Bxg2 23.Re1 e6 24.Bd6 Ra8 25.Bxb4 Rxa2 26.Na3 Ra1+ 27.Kd2 Rxe1
28.Kxe1 Kf6 29.Ke2 e5 30.c4 Ke6 31.Bd2 f5 32.f4 Bh3 33.Nb5 exf4 34.Bxf4 Kf6
35.Nc3 g5 36.Nd5+ Kg6 37.Kf2 Bg4 38.c5 gxf4 39.c6 f3 40.Nf4+ Kg5 41.c7  1-0

[Event "JUG-ch51 (Women)"]
[Site "Belgrade"]
[Date "1998.??.??"]
[Round "12"]
[White "Todorovic, Olivera"]
[Black "Petrovic, Marija"]
[Result "1-0"]
[WhiteElo "2150"]
[BlackElo "2265"]

1.e4 g6 2.d4 Bg7 3.Nc3 c6 4.Nf3 d6 5.Bg5 Qa5 6.Qd2 h6 7.Bf4 Nd7 8.Be2 b5
9.a3 a6 10.O-O Qb6 11.e5 d5 12.Bd3 e6 13.b4 Ne7 14.Ne2 Qd8 15.h3 Nb6 16.g4 Bb7
17.c3 Qd7 18.Qc2 a5 19.Nd2 a4 20.Bh2 O-O-O 21.f4 Nc4 22.Rf3 Rdg8 23.Ng3 f5
24.exf6 Bxf6 25.Nxc4 dxc4 26.Be4 Bxd4+ 27.Kg2 Bb6 28.Rd1 Nd5 29.f5 gxf5 30.Nxf5 Bc7
31.Qf2 h5 32.Bxc7 Qxc7 33.Bxd5 cxd5 34.Nd4 hxg4 35.Rf7 gxh3+ 36.Kh1 Qe5 37.Nf3 Qg3
38.Qc5+ Kb8 39.Rg1 Qxf3+ 40.Rxf3 Rxg1+ 41.Qxg1 d4 42.Qg3+ Kc8 43.Kh2 Bxf3
44.Qxf3 Kc7 45.Qf4+ Kc6 46.Qe4+ Kc7 47.Qe5+ Kc6 48.Qxh8 dxc3 49.Qxc3 Kd5
50.Kxh3 Ke4 51.Kg3 e5 52.Kf2  1-0

[Event "Berliner Sommer 16th"]
[Site "Berlin"]
[Date "1998.??.??"]
[Round "5"]
[White "Sulipa, Aleksandar"]
[Black "Reschke, Thomas"]
[Result "1-0"]
[WhiteElo "2415"]
[BlackElo "2230"]

1.d4 g6 2.e4 Bg7 3.Nc3 c6 4.Nf3 d5 5.h3 Nf6 6.e5 Ne4 7.Nxe4 dxe4 8.Ng5 c5
9.c3 Nc6 10.Be3 cxd4 11.cxd4 Qa5+ 12.Qd2 Qxd2+ 13.Kxd2 O-O 14.Rd1 f6 15.Bc4+ Kh8
16.Nf7+ Kg8 17.Nd8+ Kh8 18.Nxc6 bxc6 19.e6 f5 20.g3 Rd8 21.Kc2 Rd6 22.Bf4 Rxd4
23.Rxd4 Bxd4 24.Rd1 Bb6 25.Bh6 Kg8 26.g4 fxg4 27.hxg4 a5 28.Kc3 Ba6 29.Bxa6 Rxa6
30.a4 Ra8 31.Re1 Bxf2 32.Rxe4 c5 33.b3 Bd4+ 34.Kc4 Rb8 35.Bd2 Ra8 36.g5 Kg7
37.Rf4 Ra7 38.Rf1 Kg8 39.Rf7 Kh8 40.Rf8+ Kg7 41.Re8 Ra6 42.Rxe7+ Kf8 43.Rf7+ Kg8
44.Kd5 Rb6 45.Bf4 Rxb3 46.Bd6 Rd3 47.Rf8+  1-0

[Event "Berliner Sommer 16th"]
[Site "Berlin"]
[Date "1998.??.??"]
[Round "7"]
[White "Klinova, Masha"]
[Black "Reschke, Thomas"]
[Result "1-0"]
[WhiteElo "2395"]
[BlackElo "2230"]

1.e4 g6 2.d4 Bg7 3.Nc3 c6 4.f4 d5 5.e5 h5 6.Be3 Nh6 7.h3 b6 8.Nf3 e6 9.Bd3 Ba6
10.Ne2 Bxd3 11.Qxd3 Nf5 12.Bf2 h4 13.O-O Bf8 14.b3 Be7 15.c4 O-O 16.Rac1 Kg7
17.Kh2 Na6 18.Rg1 Rh8 19.g4 hxg3+ 20.Nxg3 Nxg3 21.Rxg3 Rh5 22.Rcg1 Rf5 23.Rg4 dxc4
24.bxc4 Qd7 25.Nh4 Bxh4 26.Bxh4 Nb4 27.Bf6+ Rxf6 28.exf6+ Kxf6 29.Qe3 Qd6
30.a3 Na6 31.d5 Ke7 32.dxe6  1-0

[Event "Berliner Sommer 16th"]
[Site "Berlin"]
[Date "1998.??.??"]
[Round "9"]
[White "Prudlo, Simon"]
[Black "Reschke, Thomas"]
[Result "1/2-1/2"]
[WhiteElo "2035"]
[BlackElo "2230"]

1.e4 g6 2.d4 Bg7 3.Nc3 c6 4.f4 d6 5.Nf3 Nf6 6.e5 dxe5 7.dxe5 Nd5 8.Nxd5 Qxd5
9.Be3 Bg4 10.Be2 O-O 11.O-O  1/2-1/2

[Event "Bischwiller"]
[Site "Bischwiller"]
[Date "1998.??.??"]
[Round "6"]
[White "Peter, Sebastien"]
[Black "Galdunts, Sergey"]
[Result "1/2-1/2"]
[WhiteElo "2225"]
[BlackElo "2445"]

1.e4 g6 2.d4 Bg7 3.Nc3 c6 4.Nf3 d6 5.a4 Nf6 6.Be2 O-O 7.O-O Nbd7 8.h3 e5
9.dxe5 dxe5 10.Be3 Qe7 11.Qd3 Nc5 12.Qc4 Na6 13.a5 Re8 14.Rfd1 Bf8 15.Bf1 Qc7
16.Qe2 Bb4 17.Bg5 Nh5 18.Qe3 Bxa5 19.Bxa6 Bb6 20.Qd2 bxa6 21.Qd6 f5 22.Ra4 Qg7
23.exf5 Bxf5 24.Qxc6 Rac8 25.Qd5+ Kh8 26.Rd2 h6 27.Be3 Nf4 28.Qd6 Rcd8 29.Qc6 Bd7
30.Rxd7 Qxd7 31.Qxd7 Rxd7 32.Rxa6 e4 33.Bxf4 exf3 34.gxf3 Rf7 35.Nd5 g5 36.Be3 Bxe3
37.fxe3 Rxf3 38.Rxh6+ Kg7 39.Ra6 Rxh3 40.Rxa7+ Kg6 41.b4 Reh8 42.c4 Kf5 43.Rf7+ Kg4
44.Nf6+ Kf3 45.Nd5+ Kg3 46.Kf1 Rh2 47.Nc3 Rc2 48.Ne4+ Kg4 49.Nf2+ Kh5 50.c5 Kg6
51.Rf3 Ra8 52.e4 Ra1+ 53.Kg2 Rb1 54.Kg3 Rxb4 55.e5 Kh5 56.Re3 Rxc5 57.e6 Rc8
58.Ne4 Rb6 59.Nf6+ Kg6 60.e7 Kxf6 61.e8=Q Rxe8 62.Rxe8 Rb3+ 63.Kg4 Rb4+ 64.Kg3  1/2-1/2

[Event "Bled op-B"]
[Site "Bled"]
[Date "1998.??.??"]
[Round "8"]
[White "Susnik, Matej"]
[Black "Baerner, Helmut"]
[Result "1-0"]
[WhiteElo "2230"]
[BlackElo "2165"]

1.e4 g6 2.d4 Bg7 3.Nc3 c6 4.f4 d5 5.e5 h5 6.Be3 Nh6 7.Nf3 Bg4 8.Be2 Nf5 9.Bf2 e6
10.Qd2 Nd7 11.g3 Qc7 12.h3 Bxf3 13.Bxf3 a6 14.O-O-O O-O-O 15.g4 hxg4 16.hxg4 Ne7
17.Bh4 Nb6 18.Ne2 Kb8 19.Qb4 Bf8 20.Bf6 Rxh1 21.Rxh1 Re8 22.Qa5 Nec8 23.Rh7 c5
24.Rh8 cxd4 25.Nxd4 Nd7 26.Qxc7+ Kxc7 27.Bg5 Ncb6 28.Rh7 Be7 29.Rxf7 Bxg5
30.fxg5 Kb8 31.Be2 Nxe5 32.Rf6 Nbd7 33.Rxe6 Rh8 34.Nf3 Rh1+ 35.Kd2 Nxg4 36.Rxg6 Nc5
37.Rg8+ Ka7 38.Kc3 Ra1 39.g6 Rxa2 40.g7  1-0

[Event "Cupa Dinamo"]
[Site "Brasov"]
[Date "1998.??.??"]
[Round "10"]
[White "Moraru, Marius"]
[Black "Svetushkin, Dmitry"]
[Result "1/2-1/2"]
[WhiteElo "2375"]
[BlackElo "2415"]

1.e4 g6 2.d4 Bg7 3.Nc3 c6 4.f4 d5 5.e5 Nh6 6.Nf3 Bg4 7.Be3 Qb6 8.Rb1 f6 9.Be2 Nd7
10.Bf2 Nf8 11.O-O Ne6 12.h3 Bxf3 13.Bxf3 Nxf4 14.exf6 Bxf6 15.Be3 Nxh3+ 16.gxh3 Nf5
17.Bf2 Bxd4 18.Na4 Bxf2+ 19.Rxf2 Qe3 20.Qd2 Qxd2 21.Rxd2 e5 22.c4 e4 23.Bg4 e3
24.Rd3 dxc4 25.Rc3 O-O 26.Bxf5 Rxf5 27.Rxe3 Rd8 28.Rbe1 Rd2 29.R1e2 Rd1+
30.Kg2 b5 31.Nc3 Rd6 32.Re7 Rf7 33.R7e5 Rf5 34.Re8+ Rf8 35.R8e4 Kg7 36.a3 Rd3
37.Re6 Rf6 38.Rxf6 Kxf6 39.Ne4+ Kf5 40.Ng3+ Kf4 41.Re4+ Kg5 42.h4+ Kf6 43.Re2 Rd4
44.Kf3 h6 45.Ne4+ Kf7 46.Ng3 Rd3+ 47.Kg4 c3 48.b4 Rd2 49.Re3 c2 50.Rc3 Rd4+
51.Kh3 Rc4 52.Rxc4 bxc4 53.Ne2 Kf6 54.Kg4 Ke5 55.Kf3 c1=Q 56.Nxc1 Kd4 57.Ne2+ Kd3
58.Nf4+ Kd2 59.Nxg6 c3 60.Nf4 c2 61.Ne2 c1=Q 62.Nxc1 Kxc1 63.Kg4 Kb2 64.Kh5 Kxa3
65.Kxh6 Kxb4  1/2-1/2

[Event "Bucharest Fest IM (Women)"]
[Site "Bucharest"]
[Date "1998.??.??"]
[Round "?"]
[White "Andreescu, Nicoleta Aurora"]
[Black "Grigorieva, Angela"]
[Result "1/2-1/2"]
[WhiteElo "2080"]
[BlackElo "2155"]

1.e4 g6 2.d4 Bg7 3.Nc3 c6 4.a4 d6 5.h3 Nf6 6.Nf3 O-O 7.Be3 Qa5 8.Nd2 Nbd7
9.Be2 Qc7 10.a5 Rb8 11.O-O b5 12.axb6 axb6 13.d5 Bb7 14.dxc6 Bxc6 15.Bb5 Rfc8
16.Qe2 Nc5 17.Bg5 Ne6 18.Be3 d5 19.Bxc6 Qxc6 20.exd5 Nxd5 21.Nxd5 Qxd5 22.c3 Rb7
23.Nf3 Qe4 24.Qb5 Nc7 25.Qd7 Rcb8 26.Rfd1 Ne6 27.Qb5 Nc7 28.Qb3 Ne6 29.Qb5 Nc7
30.Qb3 Ne6  1/2-1/2

[Event "Bucharest Cup GM"]
[Site "Bucharest"]
[Date "1998.??.??"]
[Round "?"]
[White "Brajovic, Radovan"]
[Black "Svetushkin, Dmitry"]
[Result "0-1"]
[WhiteElo "2320"]
[BlackElo "2460"]

1.e4 g6 2.d4 Bg7 3.Nc3 c6 4.f4 Qb6 5.Nf3 d5 6.e5 Bg4 7.Be2 Nh6 8.Na4 Qa5+
9.c3 Nd7 10.b4 Qc7 11.Be3 a5 12.a3 O-O 13.O-O axb4 14.axb4 b5 15.Nc5 Nxc5
16.dxc5 Nf5 17.Qd2 Bxf3 18.Bxf3 f6 19.Bxd5+ Kh8 20.Rxa8 Rxa8 21.Be4 Nxe3
22.Qxe3 fxe5 23.f5 gxf5 24.Bxf5 Rf8 25.Qh3 h6 26.Qh5 e6 27.Be4 Rxf1+ 28.Kxf1 Qd7
29.Ke2 Kg8 30.h4 Qc8 31.Qg6 Kf8 32.g3 Qd7 33.g4 Qe7 34.Kd3 Qxh4 35.Qxe6 Qe1
36.Qf5+ Ke7 37.Kc2 Qe2+ 38.Kb3 Qd1+ 39.Kb2 Qd2+ 40.Kb3 Qd1+ 41.Kb2 Qd2+ 42.Bc2 Bf6
43.Qh7+ Kf8 44.Qe4 Qd7 45.Qf3 Ke7 46.Be4 Qd2+ 47.Kb3 Bg5 48.Bxc6 Bf4 49.Bxb5 Qe1
50.Bd3 Qc1 51.Qe2 Qg1 52.c6 Kd6 53.Be4 Kc7 54.b5 Qc5 55.Qc4 Qe7 56.Qb4 Qe6+
57.Kb2 Be3 58.Qa5+ Bb6 59.Qa6 Qxg4 60.Qb7+ Kd6 61.Qb8+ Ke7 62.Qxe5+ Qe6 63.Qg7+ Kd6
64.Qf8+ Kc7 65.Bc2 Qe5 66.Qf7+ Kd6 67.Bd3 Bc7  0-1

[Event "Primavara"]
[Site "Bucharest"]
[Date "1998.??.??"]
[Round "7"]
[White "Vajda, Levente"]
[Black "Sanduleac, Vasile"]
[Result "0-1"]
[WhiteElo "2440"]
[BlackElo "2450"]

1.e4 g6 2.d4 Bg7 3.Nc3 c6 4.Nf3 d5 5.h3 dxe4 6.Nxe4 Bf5 7.Ng3 Be6 8.c3 Bd5
9.Bd3 Nf6 10.O-O O-O 11.Ne5 Nbd7 12.c4 Be6 13.Nf3 Nb6 14.Qe2 Nc8 15.Re1 Re8
16.a4 Nd6 17.Qc2 Qc8 18.Nh4 b6 19.Bf4 Nd7 20.Rad1 Nf8 21.Nf3 Nf5 22.Ne2 Rd8
23.Be5 Bxe5 24.dxe5 Qc7 25.Be4 Rac8 26.g4 Ng7 27.Nf4 Bd7 28.b4 Nfe6 29.Ne2 a5
30.bxa5 bxa5 31.c5 Rb8 32.Rd2 Be8 33.Rxd8 Qxd8 34.Rd1 Qc7 35.h4 h5 36.gxh5 Nxh5
37.Ned4 Qc8 38.Kh2 Nxd4 39.Rxd4 Nf4 40.Bf5 Ne6 41.Rg4 Qd7 42.h5 Qd5 43.Be4 Qxc5
44.Qd2 Rb4 45.hxg6 fxg6 46.Kg3 Rb3 47.Kg2 Rb4 48.Rh4 Rxe4 49.Rxe4 Qd5 50.Qxd5 cxd5
51.Rg4  0-1

[Event "Primavara"]
[Site "Bucharest"]
[Date "1998.??.??"]
[Round "9"]
[White "Iordachescu, Viorel"]
[Black "Sanduleac, Vasile"]
[Result "1-0"]
[WhiteElo "2520"]
[BlackElo "2450"]

1.e4 g6 2.d4 Bg7 3.Nc3 c6 4.f4 d5 5.e5 Nh6 6.Be3 Ng4 7.Bd2 Qb6 8.Nf3 Qxb2
9.Rb1 Qa3 10.h3 Ne3 11.Bxe3 Qxc3+ 12.Bd2 Qa3 13.Rb3 Qxa2 14.Qc1 Bf5 15.Rxb7 O-O
16.Rb2 Qa4 17.Qb1 Na6 18.Ra2 Rab8 19.Qa1 Nb4 20.Rxa4 Nxc2+ 21.Kf2 Nxa1 22.Rxa1 Rb2
23.Be2 Be4 24.Bc3 Rb3  1-0

[Event "Primavara"]
[Site "Bucharest"]
[Date "1998.??.??"]
[Round "10"]
[White "Vasiesiu, Dan"]
[Black "Sanduleac, Vasile"]
[Result "1-0"]
[WhiteElo "2420"]
[BlackElo "2450"]

1.e4 g6 2.d4 Bg7 3.Nc3 c6 4.Nf3 d5 5.h3 Nf6 6.e5 Ne4 7.Bd3 Nxc3 8.bxc3 c5
9.dxc5 Nc6 10.Bf4 Qa5 11.Qd2 Qxc5 12.O-O O-O 13.Rab1 a6 14.Rfe1 Nd8 15.Be3 Qc7
16.Bh6 Nc6 17.Qf4 f5 18.c4 dxc4 19.Bxc4+ e6 20.Rbd1 Na5 21.Bb3 Nxb3 22.cxb3 Bd7
23.Rd6 Bc6 24.Bxg7 Qxg7 25.Nd4 Bd5 26.Nxe6 Bxe6 27.Rxe6 Rac8 28.Rd6 Rfe8
29.Qd4 Rc7 30.Qd5+ Kh8 31.f4 Rce7 32.h4 Qf7 33.Qd4 Kg8 34.Rd1 Re6 35.Rd7 R6e7
36.Rxe7 Rxe7 37.Kf2 Kg7 38.Qb6 Kh6 39.Rd6 Rc7 40.Qd4 Qe7 41.Kg3 Rc1 42.Rf6 Qc7
43.Kh2 Qc2 44.Qd8 Qc7 45.Qf8+ Qg7 46.Qxg7+ Kxg7 47.h5 Rc2 48.hxg6 hxg6 49.a4 Kh6
50.Rb6 Rc7 51.g3 a5 52.Rb5 g5 53.Rxa5 gxf4 54.gxf4 Kh5 55.Kg3 Rc3+ 56.Kf2 Kg4
57.Rb5 Kxf4 58.Rxb7 Rc2+ 59.Ke1 Kxe5 60.a5 Kd6 61.b4 Kc6 62.a6  1-0

[Event "Budapest FS09 IM-A"]
[Site "Budapest"]
[Date "1998.??.??"]
[Round "3"]
[White "Balogh, Csaba"]
[Black "Nguyen Thi Thanh An"]
[Result "1-0"]
[WhiteElo "2155"]
[BlackElo "2115"]

1.e4 g6 2.d4 Bg7 3.Nc3 c6 4.f4 d5 5.e5 h5 6.Nf3 Bg4 7.Be2 Bxf3 8.Bxf3 e6
9.Be3 Nh6 10.Qd2 Nd7 11.g3 Nb6 12.Be2 Nf5 13.Bf2 Qe7 14.h3 O-O-O 15.O-O-O Rdg8
16.g4 Nh6 17.f5 Bf8 18.f6 Qc7 19.Kb1 a6 20.Be3 h4 21.Bf4 Rh7 22.Rhe1 Rgh8
23.Be3 Nd7 24.Bf4 Bb4 25.a3 Bxc3 26.bxc3 Qa5 27.Ka2 b5 28.Rb1 Qc7 29.Rb2 Nb6
30.Rbb1 Na4 31.Rb3 Qa5 32.Bd3 Kd7 33.Rf1 Qd8 34.Rf2 Nb6 35.Rf1 Kc8 36.Bg5 Nc4
37.Bxc4 dxc4 38.Rbb1 Qd5 39.Rbe1 Kd7 40.Ka1 a5 41.Rb1 Kc7 42.Rb2 a4 43.Rbb1 Kb6
44.Rbe1 Ka6 45.Qf2 Ng8 46.Bd2 Nh6 47.Rh1 Kb7 48.Ka2 Ka6 49.Kb2 Kb7 50.Kb1 Ka6
51.Ka1 Kb7 52.Ka2 Ka6 53.Kb2 Kb7 54.Rhf1 Kb6 55.Kc1 Ka6 56.Kb1 Kb7 57.Kb2 Ka6
58.Kc1 Kb7 59.Qf3 Rg8 60.Bg5 Rgh8 61.Re2 Kc7 62.Rh2 Kb7 63.Qxd5 cxd5 64.Rfh1 Ng8
65.Kd2 Ka6 66.Ke2 Ka5 67.Kf3 Kb6 68.Be3 Nh6 69.Bg5 Ng8 70.Rb1 Ka6 71.Rb4 Nh6
72.Rh1 Ka5 73.Rhb1 Rb8 74.Bxh4 Nf5 75.gxf5 Rxh4 76.fxe6 fxe6 77.Kg3 g5 78.Rf1 Rf8
79.Rbb1 Rfh8 80.f7 Rf4 81.Rxf4 gxf4+ 82.Kxf4 Rf8 83.Ke3  1-0

[Event "Budapest Nyar-A"]
[Site "Budapest"]
[Date "1998.??.??"]
[Round "3"]
[White "Vajda, Levente"]
[Black "Tolnai, Tibor"]
[Result "1-0"]
[WhiteElo "2480"]
[BlackElo "2560"]

1.e4 g6 2.d4 Bg7 3.Nc3 c6 4.h3 d6 5.g3 Nf6 6.Bg2 Be6 7.Be3 O-O 8.f4 b5 9.a3 a5
10.Nf3 Na6 11.Nd2 b4 12.axb4 axb4 13.Ne2 c5 14.O-O Qc8 15.Kh2 Rb8 16.Bg1 Bd7
17.Re1 Bb5 18.dxc5 Nxc5 19.Nd4 Bd7 20.e5 dxe5 21.fxe5 Ne8 22.Ra7 h5 23.Nc4 Na4
24.Na5 b3 25.cxb3  1-0

[Event "Calcutta"]
[Site "Calcutta"]
[Date "1998.??.??"]
[Round "2"]
[White "Konguveel, Ponnuswamy"]
[Black "Komliakov, Viktor"]
[Result "0-1"]
[WhiteElo "2430"]
[BlackElo "2510"]

1.e4 g6 2.d4 Bg7 3.Nc3 c6 4.Bc4 d5 5.exd5 b5 6.Bb3 b4 7.Nce2 cxd5 8.Bd2 a5
9.a3 bxa3 10.Rxa3 Nc6 11.Nf3 e6 12.Ba4 Ne7 13.Ne5 Bd7 14.Nxd7 Qxd7 15.b4 O-O
16.bxa5 Qd6 17.Bxc6 Nxc6 18.Ra4 Ra6 19.O-O Rfa8 20.Qa1 e5 21.dxe5 Bxe5 22.Qa3 Bxh2+
23.Kh1 Qxa3 24.Rxa3 Be5 25.f4 Bg7 26.Nc3 Rxa5 27.Rxa5 Rxa5 28.f5 d4 29.Ne4 Rxf5
30.Rxf5 gxf5 31.Nd6 f4 32.Kg1 Be5 33.Nf5 f6 34.Kf2 Kf7 35.Kf3 Ne7 36.Ke4 Nxf5
37.Kxf5 Ke7 38.Bb4+ Kd7 39.Ba3 Kc6 40.Ke4 h5 41.Bb4 Kb5 42.Be1 Kc4 43.Bd2 Kc5
44.Be1 Kd6 45.Kf5 Kd5 46.Bh4 Kc4 47.Be1 d3 48.cxd3+ Kxd3 49.Bh4 Ke2 50.Ke4 Bc7
51.Bxf6 Kf2 52.Kf5 Kxg2 53.Kg5 f3 54.Bd4 Bh2  0-1